000 00394nam a2200157Ia 4500
008 210716s2015 xx 000 0 und d
020 _a9788126554768
041 _aeng
082 _a658.15 KAPS
100 _aKapil, Sheeba.
245 _aFinancial management.
250 _a1
260 _aNew Delhi
_bWiley India Pvt Ltd
_c2015
300 _axxx,774/2016
650 _aFinancial Management
999 _c209931
_d209931